[Event "TCh-HUN 2017-18"]
[Site "Hungary HUN"]
[Date "2017.11.25"]
[Round "1.1"]
[White "Rodshtein, Maxim"]
[Black "Almasi, Zoltan"]
[Result "1/2-1/2"]
[WhiteTitle "GM"]
[BlackTitle "GM"]
[WhiteElo "2688"]
[BlackElo "2685"]
[WhiteTeam "Aquaprofit-NTSK I"]
[BlackTeam "DVTK"]
[WhiteFideId "2806851"]
[BlackFideId "702293"]
[EventDate "2017.11.25"]
[EventType "team-tourn"]

1. d4 e6 2. c4 b6 3. e4 Bb4+ 4. Bd2 Bxd2+ 5. Qxd2 d5 6. Bd3 dxc4 7. Bxc4 Bb7 8.
Nc3 Nf6 9. f3 O-O 10. Nge2 c5 11. Rd1 cxd4 12. Nxd4 Nc6 13. Nxc6 Bxc6 14. Kf2
Qxd2+ 15. Rxd2 Rfd8 16. Rc2 Bb7 17. Rhc1 Kf8 18. Ke3 Rac8 19. Nb5 a6 20. Nd4 Rd7
21. b4 Rdc7 22. a4 Ke7 23. g3 Nd7 24. Bd3 1/2-1/2

[Event "TCh-HUN 2017-18"]
[Site "Hungary HUN"]
[Date "2017.11.25"]
[Round "1.2"]
[White "Vidit, Santosh Gujrathi"]
[Black "Naiditsch, Arkadij"]
[Result "1/2-1/2"]
[WhiteTitle "GM"]
[BlackTitle "GM"]
[WhiteElo "2721"]
[BlackElo "2700"]
[WhiteTeam "DVTK"]
[BlackTeam "Aquaprofit-NTSK I"]
[WhiteFideId "5029465"]
[BlackFideId "4650891"]
[EventDate "2017.11.25"]
[EventType "team-tourn"]

1. d4 Nf6 2. c4 g6 3. g3 Bg7 4. Bg2 O-O 5. Nc3 d6 6. Nf3 Nc6 7. O-O e5 8. dxe5
dxe5 9. Bg5 Be6 10. Qc1 Qb8 11. Rd1 Nd7 12. Bh6 f6 13. Bxg7 Kxg7 14. b3 Rf7 15.
Qb2 Qf8 16. Rd2 Rd8 17. Rad1 Nb6 18. Rxd8 Nxd8 19. c5 Nd7 20. b4 a5 21. a3 axb4
22. axb4 b6 23. cxb6 Nxb6 24. Ne4 Bc8 25. Nc5 Nd7 26. Nxd7 Rxd7 27. Rxd7+ Bxd7
28. Nxe5 fxe5 29. Qxe5+ Kf7 30. Qxc7 Qe7 31. Qc4+ Be6 32. Qf4+ Qf6 33. Qc7+ Qe7
34. Qf4+ Qf6 35. Qc7+ Qe7 1/2-1/2

[Event "TCh-HUN 2017-18"]
[Site "Hungary HUN"]
[Date "2017.11.25"]
[Round "1.3"]
[White "Volokitin, Andrei"]
[Black "Kuzubov, Yuriy"]
[Result "1-0"]
[WhiteTitle "GM"]
[BlackTitle "GM"]
[WhiteElo "2623"]
[BlackElo "2690"]
[WhiteTeam "Aquaprofit-NTSK I"]
[BlackTeam "DVTK"]
[WhiteFideId "14107090"]
[BlackFideId "14112906"]
[EventDate "2017.11.25"]
[EventType "team-tourn"]

1. e4 e5 2. Nf3 Nf6 3. Nxe5 d6 4. Nf3 Nxe4 5. d4 d5 6. Bd3 Be7 7. O-O O-O 8. c4
Nf6 9. Nc3 Be6 10. Ng5 Bg4 11. Qb3 h6 12. Qxb7 Nbd7 13. Nf3 dxc4 14. Bxc4 Nb6
15. Ne5 Qxd4 16. Qxc7 Bd6 17. Bxf7+ Kh8 18. Ng6+ Kh7 19. Nxf8+ Rxf8 20. Qxa7 Bd7
21. Rd1 Bxh2+ 22. Kf1 Bb5+ 23. Ke1 Qe5+ 24. Be3 Nc4 25. Bxc4 Bxc4 26. Qc5 Qe6
27. Qxf8 Bf4 28. Qc5 Ng4 29. Qd4 Nxe3 30. fxe3 Be5 31. Qe4+ Kg8 32. Rd4 1-0

[Event "TCh-HUN 2017-18"]
[Site "Hungary HUN"]
[Date "2017.11.25"]
[Round "1.4"]
[White "Kravtsiv, Martyn"]
[Black "Balogh, Csaba"]
[Result "1/2-1/2"]
[WhiteTitle "GM"]
[WhiteElo "2677"]
[BlackElo "1394"]
[WhiteTeam "DVTK"]
[BlackTeam "Aquaprofit-NTSK I"]
[WhiteFideId "14113147"]
[BlackFideId "790877"]
[EventDate "2017.11.25"]
[EventType "team-tourn"]

1. d4 d5 2. Nf3 Nf6 3. c4 c6 4. Nc3 dxc4 5. a4 e6 6. e3 c5 7. Bxc4 Nc6 8. O-O a6
9. Qe2 Qc7 10. Rd1 Bd6 11. b3 O-O 12. Ba3 cxd4 13. Bxd6 Qxd6 14. Nxd4 Nxd4 15.
Rxd4 Qe5 16. Qf3 Rb8 17. Qg3 Qxg3 18. hxg3 Bd7 19. a5 Bc6 20. Rad1 Rfc8 21. e4
Ng4 22. Be2 Ne5 23. Na2 Be8 24. Nb4 Kf8 25. f4 Nc6 26. Nxc6 Rxc6 27. e5 1/2-1/2

[Event "TCh-HUN 2017-18"]
[Site "Hungary HUN"]
[Date "2017.11.25"]
[Round "1.5"]
[White "Lenic, Luka"]
[Black "Hera, Imre Jr."]
[Result "1/2-1/2"]
[WhiteTitle "GM"]
[BlackTitle "GM"]
[WhiteElo "2650"]
[BlackElo "2616"]
[WhiteTeam "Aquaprofit-NTSK I"]
[BlackTeam "DVTK"]
[WhiteFideId "14603853"]
[BlackFideId "716855"]
[EventDate "2017.11.25"]
[EventType "team-tourn"]

1. d4 Nf6 2. Nf3 e6 3. c4 d5 4. Nc3 c5 5. cxd5 Nxd5 6. e4 Nxc3 7. bxc3 cxd4 8.
cxd4 Bb4+ 9. Bd2 Bxd2+ 10. Qxd2 O-O 11. Be2 b6 12. O-O Bb7 13. Qe3 Nd7 14. Rfd1
Qe7 15. a4 Rab8 16. a5 b5 17. d5 exd5 18. a6 Ba8 19. Qxa7 Rfd8 20. e5 b4 21.
Rac1 b3 22. Bd3 d4 23. Nxd4 b2 24. Rb1 Qg5 25. g3 Qxe5 26. Nf5 g6 27. Bc2 gxf5
28. Rxd7 Rdc8 29. Rxf7 Bd5 30. Re7 Rxc2 31. Rxe5 Rc1+ 32. Re1 Rxe1+ 33. Rxe1
b1=Q 34. Qe3 Qb2 35. Qg5+ Qg7 36. Qxf5 Ba8 37. h4 Rf8 38. Qe6+ Kh8 39. Qe7 h6
40. Qd6 Kg8 41. Qe5 Qa7 42. Qe6+ Kh7 43. Qe7+ Rf7 44. Qxa7 Rxa7 1/2-1/2

[Event "TCh-HUN 2017-18"]
[Site "Hungary HUN"]
[Date "2017.11.25"]
[Round "1.6"]
[White "Sethuraman, S.P."]
[Black "Erdos, Viktor"]
[Result "0-1"]
[WhiteTitle "GM"]
[BlackTitle "GM"]
[WhiteElo "2638"]
[BlackElo "2622"]
[WhiteTeam "DVTK"]
[BlackTeam "Aquaprofit-NTSK I"]
[WhiteFideId "5021596"]
[BlackFideId "719978"]
[EventDate "2017.11.25"]
[EventType "team-tourn"]

1. d4 Nf6 2. c4 e6 3. g3 d5 4. Bg2 Be7 5. Nf3 O-O 6. O-O Nbd7 7. Qc2 c6 8. Nbd2
b6 9. e4 dxc4 10. Nxc4 Bb7 11. Bg5 b5 12. Ne3 c5 13. d5 exd5 14. exd5 Nxd5 15.
Nxd5 Bxd5 16. Rad1 Nb6 17. Bf4 Qc8 18. Rfe1 Bf6 19. Be5 Rd8 20. Bxf6 gxf6 21.
Nh4 Bxg2 22. Kxg2 Rxd1 23. Qxd1 Qd7 24. Qc1 Nc4 25. Qf4 Qc6+ 26. f3 Re8 27. Rc1
Ne3+ 28. Kh3 Qd7+ 29. g4 Qd4 30. Qh6 Nxg4 31. Qh5 Nf2+ 32. Kg3 Nd3 33. Rc2 Re5
34. Qg4+ Rg5 0-1

[Event "TCh-HUN 2017-18"]
[Site "Hungary HUN"]
[Date "2017.11.25"]
[Round "1.7"]
[White "Markus, Robert"]
[Black "Szabo, Gergely-Andras-Gyula"]
[Result "1/2-1/2"]
[WhiteTitle "GM"]
[BlackTitle "GM"]
[WhiteElo "2630"]
[BlackElo "2548"]
[WhiteTeam "Aquaprofit-NTSK I"]
[BlackTeam "DVTK"]
[WhiteFideId "921637"]
[BlackFideId "1205064"]
[EventDate "2017.11.25"]
[EventType "team-tourn"]

1. d4 Nf6 2. c4 e6 3. Nf3 d5 4. g3 dxc4 5. Bg2 a6 6. O-O Nc6 7. e3 Bd7 8. Qe2
Bd6 9. Qxc4 O-O 10. Na3 Rb8 11. Qe2 b5 12. e4 e5 13. dxe5 Nxe5 14. Nxe5 Bxe5 15.
Be3 Qe7 16. f4 Bd6 17. e5 Ng4 18. Nc2 Bc5 19. Kh1 Rb6 20. Bxc5 Qxc5 21. b4 Qc4
22. Bf3 Qc3 23. Rad1 Rh6 24. h4 Bc6 25. Nd4 Ne3 26. Nxc6 Rxc6 27. Rd3 Nxf1 28.
Qxf1 Qc1 29. Rd1 Qc4 30. Bxc6 Qxc6+ 31. Qg2 Qc3 32. Rd7 Qxb4 33. Rxc7 Rd8 34.
Qe2 Qb1+ 35. Kg2 Qf5 36. Rc6 g6 37. Rxa6 Qc8 38. Rd6 Rxd6 39. exd6 Qc6+ 40. Kf2
Qxd6 41. Qxb5 Qd4+ 42. Kf3 Qc3+ 43. Kf2 Qd4+ 44. Kf3 Qc3+ 45. Kf2 1/2-1/2

[Event "TCh-HUN 2017-18"]
[Site "Hungary HUN"]
[Date "2017.11.25"]
[Round "1.8"]
[White "Antal, Gergely"]
[Black "Banusz, Tamas"]
[Result "1/2-1/2"]
[WhiteTitle "GM"]
[BlackTitle "GM"]
[WhiteElo "2525"]
[BlackElo "2616"]
[WhiteTeam "DVTK"]
[BlackTeam "Aquaprofit-NTSK I"]
[WhiteFideId "717312"]
[BlackFideId "722413"]
[EventDate "2017.11.25"]
[EventType "team-tourn"]

1. e4 e5 2. Nf3 Nc6 3. Nc3 Nf6 4. d4 exd4 5. Nxd4 Bb4 6. Nxc6 bxc6 7. Bd3 d5 8.
exd5 O-O 9. O-O cxd5 10. h3 Rb8 11. Qf3 Re8 12. Bg5 c6 1/2-1/2

[Event "TCh-HUN 2017-18"]
[Site "Hungary HUN"]
[Date "2017.11.25"]
[Round "1.9"]
[White "Medvegy, Zoltan"]
[Black "Korpa, Bence"]
[Result "1/2-1/2"]
[WhiteTitle "GM"]
[BlackTitle "GM"]
[WhiteElo "2539"]
[BlackElo "2483"]
[WhiteTeam "Aquaprofit-NTSK I"]
[BlackTeam "DVTK"]
[WhiteFideId "708402"]
[BlackFideId "706671"]
[EventDate "2017.11.25"]
[EventType "team-tourn"]

1. d4 Nf6 2. Bf4 e6 3. e3 c5 4. Nf3 cxd4 5. exd4 Be7 6. Bd3 O-O 7. O-O b6 8. a4
Bb7 9. Re1 d6 10. h3 a6 11. Nbd2 Re8 12. Bh2 Nbd7 13. c3 Qc7 14. Qe2 Bf8 15. Ng5
h6 16. Nge4 Nxe4 17. Nxe4 Be7 18. Nd2 Nf6 19. Qf1 Bf8 20. Nc4 Nd5 21. Qe2 Bc6
22. Nd2 Bb7 23. Bg3 Nf6 24. Nc4 Rad8 25. Ne3 Qc8 26. Rac1 Qa8 27. Bc4 Ne4 28.
Bh2 Nf6 29. Bg3 Ne4 30. Bh2 Nf6 31. Qf1 Ne4 32. Rcd1 Nf6 33. Bd3 Qc8 34. Nc2 Qa8
35. Nb4 a5 36. Nc2 Nd5 37. Na3 Bc6 38. Bb5 Nc7 39. Bxc6 Qxc6 40. Qc4 Qxc4 41.
Nxc4 Nd5 42. Kf1 Rd7 43. Ke2 Rc8 44. Kd3 Rc6 45. Ne3 Nf6 46. Kc2 d5 47. Ng4 Nxg4
48. hxg4 Bd6 49. Bxd6 Rdxd6 50. Re3 Rc4 51. b3 Rc7 52. Kd3 Rdc6 53. Rc1 Rb7 54.
c4 Rbc7 55. f4 g6 56. Re5 Kg7 57. f5 Rc8 58. fxe6 fxe6 59. Rc2 g5 60. Ree2 Rf8
61. cxd5 1/2-1/2

[Event "TCh-HUN 2017-18"]
[Site "Hungary HUN"]
[Date "2017.11.25"]
[Round "1.10"]
[White "Kozak, Adam"]
[Black "Ribli, Zoltan"]
[Result "1/2-1/2"]
[WhiteTitle "IM"]
[BlackTitle "GM"]
[WhiteElo "2422"]
[BlackElo "2526"]
[WhiteTeam "DVTK"]
[BlackTeam "Aquaprofit-NTSK I"]
[WhiteFideId "753246"]
[BlackFideId "700010"]
[EventDate "2017.11.25"]
[EventType "team-tourn"]

1. d4 d5 2. c4 e6 3. Nc3 c6 4. e3 Nf6 5. Nf3 Nbd7 6. Qc2 Bd6 7. Bd3 O-O 8. O-O
dxc4 9. Bxc4 b5 10. Be2 Bb7 11. e4 e5 12. dxe5 Nxe5 13. Nd4 Neg4 14. g3 Re8 15.
Nf5 Bc5 16. Bf4 Qb6 17. Kg2 g6 18. h3 Ne5 19. Nh6+ Kg7 20. Bg5 Bd4 21. Bxf6+
Kxf6 22. f4 Nc4 23. Bxc4 bxc4 24. f5 c5 25. fxg6+ Kxg6 26. Nxf7 Rf8 27. Nd5 Qxb2
28. Ne7+ Kg7 29. Nf5+ Kg6 30. Ne7+ 1/2-1/2

[Event "TCh-HUN 2017-18"]
[Site "Hungary HUN"]
[Date "2017.11.25"]
[Round "1.11"]
[White "Kantor, Gergely"]
[Black "Berczes, David"]
[Result "1-0"]
[WhiteTitle "IM"]
[BlackTitle "GM"]
[WhiteElo "2514"]
[BlackElo "2493"]
[WhiteTeam "Aquaprofit-NTSK I"]
[BlackTeam "DVTK"]
[WhiteFideId "751499"]
[BlackFideId "722960"]
[EventDate "2017.11.25"]
[EventType "team-tourn"]

1. d4 d5 2. c4 c6 3. Nf3 Nf6 4. Nc3 e6 5. Bg5 h6 6. Bxf6 Qxf6 7. e3 Nd7 8. Be2
g6 9. O-O dxc4 10. Ne4 Qe7 11. Ne5 Bg7 12. f4 Nb6 13. Rc1 Nd5 14. Rf3 O-O 15.
Bxc4 Rd8 16. g4 Bd7 17. g5 Be8 18. Qe1 c5 19. gxh6 Bxh6 20. Nxc5 Bg7 21. Qg3
Rac8 22. Rff1 b6 23. Nb3 Qb4 24. Bxd5 Rxc1 25. Rxc1 exd5 26. Kh1 Qd6 27. f5 gxf5
28. Rg1 Qh6 29. Nd2 Bb5 30. Ndf3 Kf8 31. Ng5 Bxe5 32. Qxe5 Re8 33. Qxf5 f6 34.
Ne6+ Ke7 35. Qxd5 Rc8 36. Qe4 Bd3 37. Qxd3 Kxe6 38. Qe4+ Kd6 39. d5 f5 40. Qxf5
Qxe3 41. Rg6+ 1-0

[Event "TCh-HUN 2017-18"]
[Site "Hungary HUN"]
[Date "2017.11.25"]
[Round "1.12"]
[White "Medvegy, Nora"]
[Black "Gara, Ticia"]
[Result "1/2-1/2"]
[WhiteTitle "IM"]
[BlackTitle "WGM"]
[WhiteElo "2357"]
[BlackElo "2317"]
[WhiteTeam "DVTK"]
[BlackTeam "Aquaprofit-NTSK I"]
[WhiteFideId "705136"]
[BlackFideId "717444"]
[EventDate "2017.11.25"]
[EventType "team-tourn"]

1. e4 c5 2. Nf3 Nc6 3. d4 cxd4 4. Nxd4 g6 5. Nc3 Bg7 6. Be3 Nf6 7. Bc4 O-O 8.
Bb3 Re8 9. f3 e6 10. f4 d6 11. Qf3 a6 12. O-O-O Qc7 13. Nde2 Na5 14. g4 Nxb3+
15. axb3 b5 16. g5 Nd7 17. Bd4 b4 18. Bxg7 Kxg7 19. Na4 Bb7 20. Ng3 Rac8 21. Rd2
d5 22. Qe3 dxe4 23. Re1 Nc5 24. Nxc5 Qxc5 25. Nxe4 Bxe4 26. Qxe4 Rc7 27. Qe5+
Qxe5 28. Rxe5 Rec8 29. Ra5 Rc5 1/2-1/2

[Event "TCh-HUN 2017-18"]
[Site "Hungary HUN"]
[Date "2017.11.25"]
[Round "1.1"]
[White "Saric, Ivan"]
[Black "Hracek, Zbynek"]
[Result "1-0"]
[WhiteTitle "GM"]
[BlackTitle "GM"]
[WhiteElo "2661"]
[BlackElo "2613"]
[WhiteTeam "Penzugyor SE"]
[BlackTeam "HVSE-Infraplan"]
[WhiteFideId "14508150"]
[BlackFideId "300071"]
[EventDate "2017.11.25"]
[EventType "team-tourn"]

1. e4 e5 2. Nf3 Nc6 3. Bb5 a6 4. Ba4 Nf6 5. O-O Be7 6. Re1 b5 7. Bb3 d6 8. c3
O-O 9. h3 Bb7 10. d4 Re8 11. Nbd2 Bf8 12. a4 Na5 13. Bc2 exd4 14. cxd4 b4 15. b3
g6 16. Bb2 Bg7 17. Rc1 d5 18. e5 Nd7 19. Nf1 c5 20. dxc5 Rc8 21. Ne3 Nxe5 22.
Nxe5 Bxe5 23. Bxe5 Rxe5 24. Qd2 d4 25. Ng4 Qg5 26. Qxd4 Nc6 27. Qa1 h5 28. Nxe5
Nxe5 29. Be4 Nf3+ 30. Kh1 Nxe1 31. Bxb7 Nd3 32. Bxc8 Nxc1 33. c6 Qd2 34. Bxa6
Qd1+ 35. Kh2 Qd6+ 36. g3 Nxb3 37. Qb2 Na5 38. Bb5 h4 39. Qc1 Qc7 40. Qf4 hxg3+
41. Kxg3 Qc8 42. Qd6 b3 43. Qd7 1-0

[Event "TCh-HUN 2017-18"]
[Site "Hungary HUN"]
[Date "2017.11.25"]
[Round "1.2"]
[White "Kozul, Zdenko"]
[Black "Baklan, Vladimir"]
[Result "1-0"]
[WhiteTitle "GM"]
[BlackTitle "GM"]
[WhiteElo "2604"]
[BlackElo "2604"]
[WhiteTeam "HVSE-Infraplan"]
[BlackTeam "Penzugyor SE"]
[WhiteFideId "14502879"]
[BlackFideId "14102196"]
[EventDate "2017.11.25"]
[EventType "team-tourn"]

1. d4 d6 2. Nf3 Nf6 3. c4 g6 4. Nc3 Bg7 5. e4 O-O 6. Be2 c6 7. O-O e5 8. d5 Na6
9. Rb1 Nc5 10. Bg5 a5 11. Nd2 Bd7 12. b3 Qb8 13. Be3 Rc8 14. Rc1 h5 15. h3 cxd5
16. exd5 Re8 17. a3 b6 18. b4 axb4 19. axb4 Na4 20. Ndb1 Rc8 21. Qb3 Qb7 22. Nb5
Ne8 23. N1a3 f5 24. f3 Kh7 25. Rc2 Ra6 26. f4 Rca8 27. g4 Qb8 28. gxh5 gxh5 29.
Bxh5 Nf6 30. Bf3 e4 31. Bd1 Nc5 32. bxc5 bxc5 33. Bc1 Qh8 34. Rg2 Rg8 35. Rff2
e3 36. Bxe3 Ne4 37. Rc2 Raa8 38. Kh2 Bh6 39. Bc1 Qf6 40. Qf3 Raf8 41. Nb1 Qh4
42. N1c3 Bxb5 43. Nxe4 Ba4 44. Ng5+ Bxg5 45. fxg5 Bxc2 46. Bxc2 Kg6 47. Re2 Qd4
48. Bd2 1-0

[Event "TCh-HUN 2017-18"]
[Site "Hungary HUN"]
[Date "2017.11.25"]
[Round "1.2"]
[White "Brkic, Ante"]
[Black "Ruck, Robert"]
[Result "1-0"]
[WhiteTitle "GM"]
[BlackTitle "GM"]
[WhiteElo "2573"]
[BlackElo "2531"]
[WhiteTeam "Penzugyor SE"]
[BlackTeam "HVSE-Infraplan"]
[WhiteFideId "14506688"]
[BlackFideId "705713"]
[EventDate "2017.11.25"]
[EventType "team-tourn"]

1. e4 c6 2. d4 d5 3. e5 Bf5 4. h4 Qb6 5. h5 h6 6. g4 Bd7 7. Nc3 e6 8. Na4 Qc7 9.
f4 Na6 10. Nf3 c5 11. Bxa6 Bxa4 12. Be2 cxd4 13. Nxd4 Bc5 14. Be3 Rc8 15. Qd2
Ne7 16. c3 a6 17. O-O Bxd4 18. cxd4 Qc2 19. Bd1 Qc6 20. Rc1 Qd7 21. Rxc8+ Nxc8
22. Bxa4 Qxa4 23. f5 exf5 24. gxf5 Ne7 25. f6 gxf6 26. exf6 Nc6 27. Qg2 Nd8 28.
Qg3 Ne6 29. Qb8+ Nd8 30. Qe5+ Ne6 31. Qb8+ Nd8 32. Re1 Kd7 33. Bf4 Qxd4+ 34. Kh1
Qb6 35. Re7+ Kc6 36. Qd6+ Kb5 37. Qxd5+ Qc5 38. a4+ Kb6 39. Be3 1-0

[Event "TCh-HUN 2017-18"]
[Site "Hungary HUN"]
[Date "2017.11.25"]
[Round "1.4"]
[White "Babula, Vlastimil"]
[Black "Kuljasevic, Davorin"]
[Result "1/2-1/2"]
[WhiteTitle "GM"]
[BlackTitle "GM"]
[WhiteElo "2548"]
[BlackElo "2555"]
[WhiteTeam "HVSE-Infraplan"]
[BlackTeam "Penzugyor SE"]
[WhiteFideId "301264"]
[BlackFideId "14506661"]
[EventDate "2017.11.25"]
[EventType "team-tourn"]

1. d4 Nf6 2. c4 e6 3. Nc3 Bb4 4. e3 O-O 5. Bd3 d5 6. Nf3 dxc4 7. Bxc4 c5 8. O-O
Nc6 9. a3 Ba5 10. Qd3 a6 11. dxc5 Qxd3 12. Bxd3 Bxc3 13. bxc3 Na5 14. Rb1 Rd8
15. Bc2 Bd7 16. e4 Bb5 17. Re1 Bd3 18. Bxd3 Rxd3 19. a4 Rc8 20. Ne5 Rdd8 21. Ba3
Nd7 22. Bb4 Nxe5 23. Bxa5 Rd7 24. Red1 Rxd1+ 25. Rxd1 Kf8 26. f3 Ke8 27. Bb6 Nc4
28. Rb1 Kd7 29. Kf2 Kc6 30. Rb4 Nxb6 31. Rxb6+ Kc7 32. Ke3 Rd8 33. a5 Rd1 34. c6
bxc6 35. Rxa6 Kb7 36. Rb6+ Kc7 37. Ra6 Kb7 38. Rb6+ Kc7 39. Ra6 1/2-1/2

[Event "TCh-HUN 2017-18"]
[Site "Hungary HUN"]
[Date "2017.11.25"]
[Round "1.5"]
[White "Horvath, Csaba"]
[Black "Jankovic, Alojzije"]
[Result "1-0"]
[WhiteTitle "GM"]
[BlackTitle "GM"]
[WhiteElo "2507"]
[BlackElo "2581"]
[WhiteTeam "Penzugyor SE"]
[BlackTeam "HVSE-Infraplan"]
[WhiteFideId "700118"]
[BlackFideId "14505959"]
[EventDate "2017.11.25"]
[EventType "team-tourn"]

1. Nf3 Nf6 2. g3 g6 3. b3 Bg7 4. Bb2 d6 5. d4 c5 6. Bg2 O-O 7. c4 cxd4 8. Nxd4
d5 9. cxd5 Nxd5 10. O-O Nb4 11. Na3 a5 12. Nc4 Ra6 13. e3 N8c6 14. a3 Nd5 15.
Nxc6 bxc6 16. Bxg7 Kxg7 17. Qd4+ Nf6 18. Qc3 Be6 19. Rfd1 Qc7 20. Ne5 Qb6 21.
Rab1 Rc8 22. Rdc1 c5 23. Nd3 a4 24. Nxc5 Bxb3 25. Qb4 Qxb4 26. axb4 Rxc5 27.
bxc5 Ne8 28. Bf1 Ra5 29. c6 Nd6 30. c7 Be6 31. Rb6 a3 32. Ra6 Rxa6 33. Bxa6 a2
34. Kf1 Ne4 35. Ra1 Nd2+ 36. Ke1 Nf3+ 37. Ke2 Bg4 38. Rxa2 1-0

[Event "TCh-HUN 2017-18"]
[Site "Hungary HUN"]
[Date "2017.11.25"]
[Round "1.6"]
[White "Nemeth, Miklos1"]
[Black "Horvath, Jozsef1"]
[Result "0-1"]
[WhiteTitle "IM"]
[BlackTitle "GM"]
[WhiteElo "2494"]
[BlackElo "2533"]
[WhiteTeam "HVSE-Infraplan"]
[BlackTeam "Penzugyor SE"]
[WhiteFideId "720232"]
[BlackFideId "700061"]
[EventDate "2017.11.25"]
[EventType "team-tourn"]

1. e4 d6 2. d4 Nf6 3. Bd3 e5 4. c3 d5 5. dxe5 Nxe4 6. Nf3 Nc6 7. O-O Bg4 8. b4
Qd7 9. b5 Na5 10. h3 Bh5 11. Nbd2 Nxd2 12. Bxd2 Nc4 13. Bf4 Nb2 14. Qd2 Nxd3 15.
Qxd3 Bg6 16. Qe3 Be7 17. a4 O-O 18. Rfd1 c5 19. Bg5 Rfd8 20. Ra2 Bxg5 21. Qxg5
b6 22. Rad2 Qe6 23. Nh2 a6 24. bxa6 h6 25. Qf4 Rxa6 26. Nf1 Qc6 27. Qh4 Qa8 28.
Ne3 Rxa4 29. Qe7 d4 30. Ng4 d3 31. e6 Re8 32. exf7+ Bxf7 33. Qc7 Bb3 34. Rxd3
Bxd1 35. Nxh6+ gxh6 36. Rg3+ Bg4 37. f4 h5 38. hxg4 h4 39. Rd3 Qe4 40. Qd6 Qe6 0-1

[Event "TCh-HUN 2017-18"]
[Site "Hungary HUN"]
[Date "2017.11.25"]
[Round "1.7"]
[White "Balog, Imre"]
[Black "Kovacs, Gabor2"]
[Result "1-0"]
[WhiteTitle "GM"]
[BlackTitle "IM"]
[WhiteElo "2539"]
[BlackElo "2463"]
[WhiteTeam "Penzugyor SE"]
[BlackTeam "HVSE-Infraplan"]
[WhiteFideId "728446"]
[BlackFideId "716219"]
[EventDate "2017.11.25"]
[EventType "team-tourn"]

1. d4 d5 2. Nf3 Nf6 3. Bg5 e6 4. Nbd2 Be7 5. Bxf6 Bxf6 6. e4 c5 7. e5 Be7 8. c3
Nc6 9. Nb3 cxd4 10. Nbxd4 Qc7 11. Bb5 Bd7 12. Qe2 Nxd4 13. Bxd7+ Qxd7 14. Nxd4
Rc8 15. Rd1 Bc5 16. h4 h5 17. O-O g6 18. Nb3 Qa4 19. g3 Bb6 20. Nc1 O-O 21. Kg2
Rfd8 22. Rfe1 d4 23. cxd4 Rxd4 24. Rxd4 Bxd4 25. Qe4 Qc6 26. Nd3 Qxe4+ 27. Rxe4
Bb6 28. Kf1 Kf8 29. Ke2 Ke7 30. Rb4 Kd7 31. a4 Rc7 32. Rb5 Bd4 33. Kf3 Kc8 34.
Rb4 Bb6 35. Rf4 Kd8 36. Ke2 Ke8 37. Rb4 Kd8 38. Rb5 Bd4 39. a5 a6 40. Rb4 Ba7
41. f3 Rd7 42. g4 Bd4 43. gxh5 gxh5 44. f4 Ke7 45. Kf3 Ba7 46. Ke4 Kf8 47. Ne1
Bf2 48. Nf3 Ke7 49. Rc4 f5+ 50. exf6+ Kxf6 51. Rc2 Ba7 52. Rc8 Bf2 53. Rh8 Rd5
54. Rh7 Kg6 55. Re7 Rxa5 56. Ne5+ Kh6 57. Rxe6+ Kg7 58. Rg6+ Kf8 59. Rg2 Ra4+
60. Kf5 Bd4 61. Ng6+ Kf7 62. Rc2 Ra5+ 63. Ne5+ Bxe5 64. fxe5 Rb5 65. Rc7+ Ke8
66. Kf6 Rxb2 67. Rh7 a5 68. Rh8+ Kd7 69. e6+ Kd6 70. Rd8+ 1-0

[Event "TCh-HUN 2017-18"]
[Site "Hungary HUN"]
[Date "2017.11.25"]
[Round "1.8"]
[White "Petenyi, Tamas"]
[Black "Hujbert, Florian"]
[Result "1/2-1/2"]
[WhiteTitle "IM"]
[BlackTitle "IM"]
[WhiteElo "2454"]
[BlackElo "2444"]
[WhiteTeam "HVSE-Infraplan"]
[BlackTeam "Penzugyor SE"]
[WhiteFideId "14909090"]
[BlackFideId "730165"]
[EventDate "2017.11.25"]
[EventType "team-tourn"]

1. Nf3 Nf6 2. g3 b6 3. Bg2 Bb7 4. O-O g6 5. d3 Bg7 6. Bg5 h6 7. Bd2 d5 8. Qc1
Nbd7 9. Na3 e6 10. c4 a6 11. b4 c5 12. Rb1 Rc8 13. bxc5 Nxc5 14. Qb2 dxc4 15.
Nxc4 b5 16. Na5 Ba8 17. Qa3 O-O 18. Rfc1 Na4 19. Rxc8 Qxc8 20. Rc1 Qd8 21. Nc6
Bxc6 22. Rxc6 Qa8 23. Qc1 Nd5 24. Rc2 Kh7 25. e4 Ndb6 26. h4 Rc8 27. h5 gxh5 28.
e5 Rxc2 29. Qxc2 Qc8 30. Qb3 Nd5 31. Nh4 Nac3 32. Bxc3 Nxc3 33. Qc2 Kg8 34. f4
Qc5+ 35. Kh2 b4 36. Bf3 Qa5 37. Kh3 Qxa2 38. Qc1 b3 39. Qxc3 b2 40. Qc8+ Bf8 41.
Ng6 fxg6 42. Qe8 b1=Q 43. Qxg6+ Bg7 44. Qe8+ Bf8 45. Qg6+ Bg7 46. Qe8+ Bf8 47.
Qg6+ 1/2-1/2

[Event "TCh-HUN 2017-18"]
[Site "Hungary HUN"]
[Date "2017.11.25"]
[Round "1.9"]
[White "Seres, Lajos"]
[Black "Meszaros, Michal"]
[Result "1-0"]
[WhiteTitle "GM"]
[BlackTitle "IM"]
[WhiteElo "2406"]
[BlackElo "2359"]
[WhiteTeam "Penzugyor SE"]
[BlackTeam "HVSE-Infraplan"]
[WhiteFideId "701254"]
[BlackFideId "14905329"]
[EventDate "2017.11.25"]
[EventType "team-tourn"]

1. d4 d5 2. c4 dxc4 3. e3 Nf6 4. Bxc4 a6 5. Nf3 Nc6 6. h3 Bf5 7. Nc3 e6 8. O-O
Bd6 9. Nh4 Bg6 10. Nxg6 hxg6 11. f4 O-O 12. a3 Be7 13. b4 Nd5 14. Ne4 b5 15. Bd3
Qb8 16. Qc2 Qb6 17. Bd2 Rfd8 18. Rac1 Nxd4 19. exd4 Qxd4+ 20. Kh2 Nxf4 21. Bxf4
Qxd3 22. Qxd3 Rxd3 23. Rxc7 Bd8 24. Rb7 Rxa3 25. Bc1 Ra1 26. Rfxf7 Rxc1 27.
Rxg7+ Kh8 28. Rh7+ Kg8 29. Rbg7+ Kf8 30. Nc5 Rxc5 31. bxc5 Rc8 32. Ra7 Kg8 33.
Rhd7 Bf6 34. Rxa6 b4 35. Rxe6 1-0

[Event "TCh-HUN 2017-18"]
[Site "Hungary HUN"]
[Date "2017.11.25"]
[Round "1.10"]
[White "Rigo, Zsolt"]
[Black "Bakos, Balazs"]
[Result "1/2-1/2"]
[WhiteTitle "IM"]
[BlackTitle "FM"]
[WhiteElo "2394"]
[BlackElo "2423"]
[WhiteTeam "HVSE-Infraplan"]
[BlackTeam "Penzugyor SE"]
[WhiteFideId "14903172"]
[BlackFideId "725773"]
[EventDate "2017.11.25"]
[EventType "team-tourn"]

1. e4 c6 2. Nf3 d5 3. Nc3 Bg4 4. h3 Bh5 5. exd5 cxd5 6. g4 Bg6 7. Bb5+ Nc6 8.
Ne5 Rc8 9. d4 e6 10. Qe2 Be7 11. Bf4 Bd6 12. h4 Bxe5 13. Qxe5 Ne7 14. Qxg7 Rg8
15. Qf6 Bxc2 16. f3 Rg6 17. Qh8+ Rg8 18. Qf6 Rg6 19. Qh8+ Rg8 1/2-1/2